000 00927nam a2200265 i 4500
001 bg
003 BPK
005 20220622143319.0
008 051014s2005 pl f f |000 0 pol
015 _aPB 2006/998
020 _a837285243X
040 _aWA N
_cBPK
080 _a336.1
080 _a(075.8)
245 0 0 _aFinanse publiczne /
_cJan Głuchowski [et al.].
260 _aToruń :
_bWyższa Szkoła Bankowa :
_bTowarzystwo Naukowe Organizacji i Kierownictwa "Dom Organizatora",
_c2005.
300 _a276, [2] s. ;
_c24 cm.
504 _aBibliogr. przy rozdz.
521 8 _aDla studentów uczelni o profilu ekonomicznym i administracyjnoprawnym.
655 4 _aPodręczniki akademickie
650 4 _aFinanse publiczne
700 1 _aGłuchowski, Jan
_d(1940- )
_eAutor
856 4 1 _uhttp://koha.tu.koszalin.pl/cgi-bin/koha/opac-detail.pl?biblionumber=46951
_yKatalog online BPK
942 _2UKD
_cKS
999 _c46951
_d46951